[Event "URS-ch sf"]
[Site "Daugavpils"]
[Date "1978.??.??"]
[Round "?"]
[White "Alburt, Lev O"]
[Black "Kholmov, Ratmir"]
[Result "1-0"]
[WhiteElo "2510"]
[BlackElo "2540"]

1. d4 Nf6 2. c4 e6 3. g3 Bb4+ 4. Bd2 Bxd2+ 5. Qxd2 d6 6. Nc3 O-O 7. Bg2 e5 8.  d5 Ne8 9. Nf3 f5 10. O-O Qe7 11. Ne1 Nd7 12. e3 Nef6 13. f4 Nc5 14. Nd3 Nxd3  15. Qxd3 Bd7 16. Rae1 Rae8 17. Re2 exf4 18. exf4 Qf7 19. Rfe1 Rxe2 20. Rxe2 a5  21. Bf3 Re8 22. Kf2 b6 23. Rxe8+ Qxe8 24. Qe3 Qxe3+ 25. Kxe3 Kf7 26. Kd4 Ke7  27. Nd1 Be8 28. Ne3 g6 29. a3 Bd7 30. b4 axb4 31. axb4 Be8 32. c5 bxc5+ 33.  bxc5 dxc5+ 34. Kxc5 Nd7+ 35. Kd4 Nb6 36. h3 h5 37. Be2 Kd6 38. Ba6 c5+ 39. dxc6  Bxc6 40. h4 Be8 41. Nd1 Nd7 42. Nb2 Nb8 43. Bb7 Bc6 44. Nc4+ Ke6 45. Bc8+ Bd7  46. Bb7 Bc6 47. Bxc6 Nxc6+ 48. Kc5 Ne7 49. Ne5 Kf6 50. Kd6 Ng8 51. Nd7+ Kf7 52.  Ne5+ Kf6 53. Kd7 Kg7 54. Nf3 Nf6+ 55. Ke7 Ng8+ 56. Ke6 Nf6 57. Nd4 Ng8 58. Nb5  Nf6 59. Nc7 Ng8 60. Ne8+ Kf8 61. Nf6 Nh6 62. Nd7+ Kg7 63. Ke7 Ng8+ 64. Ke8 Nh6  65. Nf8 Kf6 66. Nh7+ Kg7 67. Ng5 Ng4 68. Ke7 Nf2 69. Ne6+ Kg8 70. Kf6 Ne4+ 71.  Kxg6 Nxg3 72. Nd4 Kf8 73. Nxf5 Ne2 74. Kg5 Kf7 75. Nd6+ Ke6 76. Ne4 Ng1 77. Kg6  Ne2 78. Ng5+ Ke7 79. f5 Kf8 80. Ne6+ Ke7 81. Kg7 Ng3 82. Nd4 Ne4 83. Ne2 Nd6  84. Ng3 Ne8+ 85. Kg6 Kf8 86. Nxh5 Nd6 87. Nf6 Nf7 88. Ng4 Nh8+ 89. Kf6 Nf7 90.  Ne5 Nd6 91. Kg6 1-0

[Event "URS-ch sf"]
[Site "Daugavpils"]
[Date "1978.??.??"]
[Round "?"]
[White "Alburt, Lev O"]
[Black "Makarichev, Sergey"]
[Result "1/2-1/2"]
[WhiteElo "2510"]
[BlackElo "2495"]

1. d4 e6 2. g3 c5 3. Nf3 cxd4 4. Nxd4 Qa5+ 5. Nc3 Nf6 6. Bg2 d5 7. O-O Be7 8.  e4 dxe4 9. Nxe4 Nxe4 10. Bxe4 Nd7 11. Nb3 Qc7 12. Qd3 h6 13. Bd2 O-O 14. Rfe1  Bf6 15. Ba5 Nb6 16. c3 Bd7 17. Bb4 Rfd8 18. Bd6 Qc8 19. Qf3 Bc6 20. Bxc6 Qxc6  21. Qxc6 bxc6 22. Be5 Bxe5 23. Rxe5 Nc4 24. Rc5 Nxb2 25. Rb1 Nd3 26. Rxc6 Rdc8  27. Na5 Ne5 28. Rxc8+ Rxc8 29. Rb3 g5 30. h3 Nf3+ 31. Kg2 Nd2 32. Rb2 Ne4 33.  c4 Nd6 34. Rb4 Kg7 35. a3 Kf6 36. Kf3 e5 37. Ke2 Ke6 38. Kd3 f5 39. Nb3 h5 40.  f3 e4+ 41. fxe4 Nxe4 42. Ra4 Nxg3 43. Nd4+ Ke5 44. Ra5+ Kf6 45. Ra6+ Ke5 46.  Ra5+ Kf6 47. Ra6+ Ke5 1/2-1/2

[Event "URS-ch sf"]
[Site "Daugavpils"]
[Date "1978.??.??"]
[Round "?"]
[White "Alburt, Lev O"]
[Black "Peresipkin, Vladimir"]
[Result "1-0"]
[WhiteElo "2510"]
[BlackElo "2420"]

1. c4 Nf6 2. Nc3 b6 3. e4 Bb7 4. d3 e5 5. f4 Nc6 6. Nf3 Bd6 7. Be2 O-O 8. fxe5  Nxe5 9. Nxe5 Bxe5 10. d4 Nxe4 11. Nxe4 Qh4+ 12. Nf2 Bxd4 13. O-O h5 14. Bf3  Bxf3 15. Qxf3 Rae8 16. Bf4 Bxb2 17. Rad1 d6 18. g3 Qf6 19. Qxh5 Qc3 20. Rd2 Re6  21. Nd1 Qxc4 22. Rxb2 1-0

[Event "URS-ch sf"]
[Site "Daugavpils"]
[Date "1978.??.??"]
[Round "?"]
[White "Arbakov, Valentin"]
[Black "Palatnik, Semon"]
[Result "0-1"]
[WhiteElo "2200"]
[BlackElo "2490"]

1. g3 c5 2. Bg2 d5 3. c4 d4 4. Nf3 Nc6 5. d3 e5 6. O-O Be7 7. b4 cxb4 8. a3 Bd7  9. axb4 Bxb4 10. Qb3 a5 11. Na3 Nf6 12. Nc2 O-O 13. Ba3 a4 14. Qa2 Bxa3 15.  Qxa3 Qc7 16. Rfb1 Na5 17. Nd2 Rab8 18. Rc1 b5 19. cxb5 Qc3 20. Qxa4 Qxd2 21.  Qxa5 Qxe2 22. Bf1 Qh5 23. b6 Ng4 24. h3 Nf6 25. g4 Bxg4 26. hxg4 Nxg4 27. Bg2  Qh2+ 28. Kf1 Qh4 29. Qe1 Rxb6 30. f3 Qh2 31. Qe4 Nf6 32. Qf5 Nd5 33. Ra2 Rf6  34. Qd7 Rg6 35. Qh3 Qf4 36. Rca1 Rg3 37. Qd7 Nf6 38. Qe7 h5 39. Ra8 Rxa8 40.  Rxa8+ Kh7 41. Ra7 h4 42. Qxf7 h3 43. Bh1 Qc1+ 44. Kf2 Qg1+ 45. Ke2 Qxh1 46. Ne1  Rg2+ 47. Kd1 Qxe1+ 0-1

[Event "URS-ch sf"]
[Site "Daugavpils"]
[Date "1978.??.??"]
[Round "?"]
[White "Arbakov, Valentin"]
[Black "Peresipkin, Vladimir"]
[Result "1-0"]
[WhiteElo "2200"]
[BlackElo "2420"]

1. Nf3 Nf6 2. d4 d5 3. c4 c6 4. Nc3 dxc4 5. a4 Bf5 6. e3 e6 7. Bxc4 Bb4 8. O-O  Nbd7 9. Ne2 O-O 10. Ng3 Bg6 11. Bd2 Qa5 12. Bxb4 Qxb4 13. Qe2 Nb6 14. b3 c5 15.  a5 Nxc4 16. bxc4 cxd4 17. exd4 Rfd8 18. Rfc1 Nh5 19. Qe3 Nxg3 20. hxg3 Rac8 21.  c5 Rc7 22. Rc3 h6 23. g4 e5 24. dxe5 Qxg4 25. a6 bxa6 26. c6 Qe4 27. Qc5 Rd5  28. Qa3 a5 29. Qb3 Rd8 30. Ra4 Qe2 31. Rd4 Rxd4 32. Qb8+ Kh7 33. Qxc7 Qb2 34.  Qxa5 Rg4 35. Qc5 Be4 36. c7 Qb1+ 37. Rc1 Qd3 38. Qe3 Qd5 39. c8=Q Bxf3 40. Qf5+  1-0

[Event "URS-ch sf"]
[Site "Daugavpils"]
[Date "1978.??.??"]
[Round "?"]
[White "Arbakov, Valentin"]
[Black "Vorotnikov, Vladislav V"]
[Result "1/2-1/2"]
[WhiteElo "2200"]
[BlackElo "2410"]

1. d4 d5 2. c4 c6 3. Nf3 e6 4. Nc3 Nf6 5. g3 Nbd7 6. Bg2 dxc4 7. a4 a5 8. e4  Be7 9. O-O O-O 10. Qe2 b6 11. Rd1 Re8 12. Qxc4 Ba6 13. Qb3 Bb4 14. Qc2 Qe7 15.  e5 Nd5 16. Ne4 h6 17. g4 c5 18. g5 cxd4 19. Rxd4 Bc5 20. Nxc5 Qxc5 21. Qe4 h5  22. g6 fxg6 23. Bg5 Qf8 24. Qxg6 Qf7 25. Qxf7+ Kxf7 26. Bd2 Ke7 27. Nh4 Bb7 28.  f4 Nc5 29. Ra3 Rad8 30. f5 Kf7 31. Bg5 Ne7 32. Rd6 Bxg2 33. Bxe7 Kxe7 34. Rg3  Rxd6 35. exd6+ Kxd6 36. Kxg2 exf5 37. Nxf5+ Kd5 38. b3 Re2+ 39. Kg1 Rb2 40.  Nxg7 h4 41. Rg5+ Ke4 42. Rg4+ Kf3 43. h3 Rb1+ 44. Kh2 Rb2+ 45. Kg1 Nxb3 46. Nf5  Nd2 47. Nxh4+ Ke3 48. Rg3+ Kf4 49. Rg4+ Ke5 50. Kf2 Ne4+ 51. Ke3 Rb3+ 52. Ke2  Rb4 53. Nf3+ Kd5 54. Ke3 Rxa4 55. h4 Ra3+ 56. Kf4 Nf6 57. Rg6 Ra4+ 58. Kf5 Nh5  59. Kg5 Nf4 60. Rxb6 Ne6+ 61. Kg6 Rg4+ 62. Ng5 Nxg5 63. hxg5 Kc5 64. Ra6  1/2-1/2

[Event "URS-ch sf"]
[Site "Daugavpils"]
[Date "1978.??.??"]
[Round "?"]
[White "Averkin, Orest N"]
[Black "Gavrikov, Viktor"]
[Result "1/2-1/2"]
[WhiteElo "2455"]
[BlackElo "2200"]

1. Nf3 Nf6 2. c4 e6 3. d4 Bb4+ 4. Nbd2 O-O 5. a3 Bxd2+ 6. Bxd2 Ne4 7. Be3 d5 8.  Qc2 a5 9. g3 Nd6 10. c5 Nf5 11. Bf4 Nc6 12. Rd1 f6 13. e4 dxe4 14. Qxe4 Nce7  15. Bc4 Nd5 16. O-O Qd7 17. Rfe1 b5 18. Ba2 Ra6 19. Bd2 Bb7 20. h4 Rb8 21. Qg4  Kh8 22. Bb1 Nde7 23. Bc1 Bd5 24. Nd2 Nc6 25. b3 Nfxd4 26. Bb2 Nf5 27. Ne4 Rf8  28. Nc3 Nce7 29. h5 c6 30. Qe2 Ra7 31. Nxd5 exd5 32. Qd3 g6 33. Kg2 Kg8 34. Rh1  Ng7 1/2-1/2

[Event "URS-ch sf"]
[Site "Daugavpils"]
[Date "1978.??.??"]
[Round "?"]
[White "Averkin, Orest N"]
[Black "Kataev, V."]
[Result "1-0"]
[WhiteElo "2455"]
[BlackElo "2200"]

1. d4 Nf6 2. c4 e6 3. Nf3 d5 4. Nc3 c6 5. Bg5 h6 6. Bxf6 Qxf6 7. e3 Nd7 8. Bd3  Bb4 9. O-O O-O 10. Rc1 Bxc3 11. Rxc3 e5 12. cxd5 cxd5 13. Bb1 Qd6 14. dxe5 Nxe5  15. Nd4 Ng4 16. g3 Nf6 17. Qc2 Bd7 18. Rc1 Rfe8 19. Qb3 b6 20. Qa3 Qe5 21. Rc7  a5 22. Bd3 Rad8 23. Qb3 Ne4 24. Rxd7 Rxd7 25. Bb5 Rde7 26. Bxe8 Rxe8 27. Rc2 h5  28. Qxb6 h4 29. Qc7 Nd6 30. Qd7 Nc4 31. Qf5 Qd6 32. b3 Ne5 33. Rc8 Rxc8 34.  Qxc8+ Kh7 35. Nf5 Qg6 36. Nxh4 Qb1+ 37. Kg2 Qe4+ 38. Kh3 Nd3 39. Qf5+ Qxf5+ 40.  Nxf5 Nxf2+ 41. Kg2 Nd3 42. Nd4 Kg6 43. Kf3 Kf6 44. a3 Nc5 45. h4 Nb7 46. g4 Ke5  47. h5 Kf6 48. Kf4 g5+ 49. Kf3 Ke5 50. Nf5 Nd8 51. b4 1-0

[Event "URS-ch sf"]
[Site "Daugavpils"]
[Date "1978.??.??"]
[Round "?"]
[White "Averkin, Orest N"]
[Black "Leibovich, D."]
[Result "1/2-1/2"]
[WhiteElo "2455"]
[BlackElo "2200"]

1. d4 d5 2. c4 dxc4 3. e4 e5 4. Nf3 exd4 5. Bxc4 Bb4+ 6. Bd2 Bxd2+ 7. Nbxd2 Nc6  8. Nb3 Bg4 9. Bb5 Nge7 10. Nbxd4 Bd7 11. Nb3 O-O 12. Qe2 a6 13. Bc4 Ng6 14.  O-O-O Qe7 15. Qe3 Nce5 16. Nxe5 Nxe5 17. Be2 Bb5 18. Kb1 Bxe2 19. Qxe2 Rfd8 20.  Rxd8+ Rxd8 21. Rd1 Rxd1+ 22. Qxd1 Qd7 23. Qxd7 Nxd7 1/2-1/2

[Event "URS-ch sf"]
[Site "Daugavpils"]
[Date "1978.??.??"]
[Round "?"]
[White "Averkin, Orest N"]
[Black "Peresipkin, Vladimir"]
[Result "1-0"]
[WhiteElo "2455"]
[BlackElo "2420"]

1. Nf3 Nf6 2. c4 b6 3. d4 Bb7 4. Nc3 Bxf3 5. gxf3 g6 6. f4 Bg7 7. e4 O-O 8. e5  Ne8 9. Bg2 Nc6 10. h4 e6 11. h5 Rc8 12. Be3 Ne7 13. hxg6 fxg6 14. Qg4 Nf5 15.  O-O-O Qe7 16. Rh3 Nh6 17. Qe2 c5 18. dxc5 Nf5 19. cxb6 axb6 20. Kb1 d6 21. Bxb6  Rb8 22. c5 dxc5 23. Na4 Rxb6 24. Nxb6 Nd4 25. Qe4 Qa7 26. Nc4 Qa4 27. Rc1 Nc7  28. Qb7 Ncb5 29. Nb6 Qb4 30. Nd5 Na3+ 31. Rxa3 Qxb7 32. Nf6+ Rxf6 33. Bxb7 Rxf4  34. Ra8+ Bf8 35. Rxc5 Rxf2 36. a4 Rf7 37. Rcc8 Kg7 38. a5 Nf3 39. Rxf8 Rxf8 40.  Rxf8 Kxf8 41. a6 Nd2+ 42. Kc2 Nc4 43. Kb3 Nb6 44. Kb4 1-0

[Event "URS-ch sf"]
[Site "Daugavpils"]
[Date "1978.??.??"]
[Round "?"]
[White "Bronstein, David"]
[Black "Kim, V."]
[Result "0-1"]
[WhiteElo "2570"]
[BlackElo "2200"]

1. e4 c5 2. Nf3 Nc6 3. d4 cxd4 4. Nxd4 Nf6 5. Nc3 e5 6. Ndb5 d6 7. Bg5 a6 8.  Na3 b5 9. Bxf6 gxf6 10. Nd5 f5 11. Nxb5 axb5 12. Bxb5 Bd7 13. exf5 Rb8 14. a4  Qg5 15. Ne3 Nd4 16. Bxd7+ Kxd7 17. Qd3 Bg7 18. O-O Rhc8 19. a5 Rb4 20. Kh1 e4  21. Qa3 Nc6 22. c3 Rb5 23. b4 Be5 24. Qa4 Qf4 25. g3 Qf3+ 26. Kg1 Rcb8 27. Rfc1  h5 28. Qb3 Ke7 29. Re1 h4 30. Nd5+ Rxd5 31. Qxd5 hxg3 32. f6+ Kxf6 33. fxg3  Bxg3 34. Rf1 Bxh2+ 35. Kxh2 Rh8+ 36. Kg1 Rh1# 0-1

[Event "URS-ch sf"]
[Site "Daugavpils"]
[Date "1978.??.??"]
[Round "?"]
[White "Bronstein, David"]
[Black "Kupreichik, Viktor D"]
[Result "1/2-1/2"]
[WhiteElo "2570"]
[BlackElo "2200"]

1. e4 c5 2. Nf3 d6 3. c3 Nf6 4. Bd3 Nc6 5. Bc2 Bg4 6. d3 e6 7. Nbd2 Be7 8. h3  Bh5 9. Nf1 d5 10. Qe2 c4 11. Ng3 cxd3 12. Bxd3 Bg6 13. O-O O-O 14. Bf4 Qb6 15.  Rab1 Rad8 16. Bc2 Rfe8 17. Rfe1 a5 18. a4 Rc8 19. Be3 Qc7 20. Bg5 Nb4 21. Bxf6  Bxf6 22. Bb3 Na6 23. Bc2 Nb4 24. Bb3 Na6 25. Bc2 Nb4 26. Bb3 1/2-1/2

[Event "URS-ch sf"]
[Site "Daugavpils"]
[Date "1978.??.??"]
[Round "?"]
[White "Bronstein, David"]
[Black "Magerramov, Elmar"]
[Result "1/2-1/2"]
[WhiteElo "2570"]
[BlackElo "2435"]

1. d4 Nf6 2. c4 c5 3. d5 e6 4. Nc3 exd5 5. cxd5 d6 6. e4 g6 7. Nf3 Bg7 8. Bg5  h6 9. Bh4 a6 10. Nd2 b5 11. Be2 O-O 12. O-O Nbd7 13. Bg3 Qe7 14. Qc2 c4 15. a4  b4 16. Nd1 Nc5 17. Bf3 Nh5 18. Nxc4 Nxg3 19. hxg3 f5 20. e5 Bxe5 21. Nxe5 Qxe5  22. Ne3 a5 23. Rfe1 Qf6 24. Be2 Ra7 25. Nc4 h5 1/2-1/2

[Event "URS-ch sf"]
[Site "Daugavpils"]
[Date "1978.??.??"]
[Round "?"]
[White "Butnorius, Algimantas"]
[Black "Gusev, Vladimir A"]
[Result "0-1"]
[WhiteElo "2350"]
[BlackElo "2410"]

1. Nf3 Nf6 2. d4 d5 3. c4 e6 4. Nc3 Be7 5. Bg5 h6 6. Bxf6 Bxf6 7. e3 O-O 8. Rc1  dxc4 9. Bxc4 b6 10. O-O Bb7 11. Qe2 Nd7 12. Rfd1 Qe7 13. Ba6 Bxa6 14. Qxa6 c5  15. Nb5 Rfc8 16. b4 Rd8 17. bxc5 bxc5 18. h3 cxd4 19. Nfxd4 Bxd4 20. Rxd4 Ne5  21. Rc7 Qg5 22. Rxd8+ Rxd8 23. Nd4 Ng6 24. Qb7 Qf6 25. Qf3 Qxf3 26. gxf3 e5 27.  Nf5 a5 28. Rc5 Ra8 29. a4 Ra6 30. Kf1 Rf6 31. Ng3 Rb6 32. Rxa5 Rb1+ 33. Ke2  Rb2+ 34. Kd3 Rxf2 35. Ra8+ Kh7 36. Ke4 Nh4 37. a5 Rxf3 38. Ne2 f5+ 39. Kd3 f4  40. Nc3 Rxe3+ 41. Kc4 f3 42. Nd1 Ra3 43. Kb5 Nf5 44. a6 e4 45. Rf8 Kg6 46. Kb6  e3 47. Nxe3 Nxe3 48. a7 Nf5 49. Rc8 f2 0-1

[Event "URS-ch sf"]
[Site "Daugavpils"]
[Date "1978.??.??"]
[Round "?"]
[White "Butnorius, Algimantas"]
[Black "Kozlov, V."]
[Result "1/2-1/2"]
[WhiteElo "2350"]
[BlackElo "2445"]

1. d4 Nf6 2. c4 d6 3. Nf3 g6 4. g3 Bg7 5. Bg2 O-O 6. O-O a6 7. Nc3 Nc6 8. d5  Na5 9. Nd2 c5 10. Qc2 e5 11. b3 Bd7 12. Bb2 b5 13. Nd1 Qe7 14. e4 Nh5 15. f4 f5  16. fxe5 Bxe5 17. Bxe5 Qxe5 18. Qc3 Qxc3 19. Nxc3 bxc4 20. exf5 gxf5 21. bxc4  Rab8 22. Rab1 Kg7 23. Bh3 Kg6 24. Rfe1 Rfe8 25. Kf2 Rxe1 26. Kxe1 Rxb1+ 27.  Ncxb1 Ba4 28. Ke2 Nf6 29. Nc3 Bc2 30. Nd1 Ne4 31. Ne3 Nc3+ 32. Kf3 Bd3 33. a3  Kf6 34. Bf1 Bxf1 35. Nexf1 Ne4 36. Ke3 Kg5 37. h3 Nc3 38. Kf3 Kf6 39. g4 fxg4+  40. hxg4 Ke5 41. Ke3 Nd1+ 42. Ke2 Nb2 43. Ne3 Kf4 44. g5 Nb7 45. Nf3 Nd8 46.  Ng2+ Ke4 47. Nd2+ Kd4 48. Nf4 Nf7 49. Ne6+ Ke5 50. Nf3+ Kf5 51. Nh4+ Ke4 52.  Nf3 Kf5 53. Nh4+ Kg4 54. g6 hxg6 55. Nxg6 Nxc4 56. Nc7 a5 57. a4 Kf5 58. Ne7+  Ke4 59. Nb5 Ng5 60. Nc3+ Kd4 61. Nb5+ Ke5 62. Kd3 Nb6 63. Nc3 Nh3 64. Nc6+ Kf5  65. Nb5 Nf4+ 66. Kd2 Nc8 67. Nc3 Nb6 68. Nb5 Nfxd5 69. Nxd6+ Ke6 1/2-1/2

[Event "URS-ch sf"]
[Site "Daugavpils"]
[Date "1978.??.??"]
[Round "?"]
[White "Butnorius, Algimantas"]
[Black "Kudriashov, Anatoli"]
[Result "1/2-1/2"]
[WhiteElo "2350"]
[BlackElo "2200"]

1. e4 c5 2. Nf3 Nc6 3. d4 cxd4 4. Nxd4 Nf6 5. Nc3 d6 6. Bg5 e6 7. Qd2 a6 8.  O-O-O Bd7 9. f4 h6 10. Bh4 Nxe4 11. Qe1 Nf6 12. Nf5 Qa5 13. Nxd6+ Bxd6 14. Rxd6  Qc7 15. Rd2 Ne7 16. Bxf6 gxf6 17. Qf2 O-O-O 18. Bd3 f5 19. Rhd1 Bc6 20. Kb1 Rd7  21. Be2 Rxd2 22. Rxd2 Rg8 23. g3 Rd8 24. Rxd8+ Qxd8 25. Bd3 Qd6 26. Qa7 Kc7 27.  a3 Nc8 28. Qe3 Ne7 29. Qe2 Qd4 30. Qh5 Qg7 31. Qe2 Qd4 32. Qh5 Qg7 33. Qe2 Be8  34. Qe3 Nc6 35. Ne2 Qf8 36. Nd4 Qd6 37. Nxc6 Bxc6 38. c4 Qxd3+ 39. Qxd3 Be4 40.  Kc2 h5 41. b4 f6 42. Kc3 Bxd3 43. Kxd3 e5 44. Ke3 1/2-1/2

[Event "URS-ch sf"]
[Site "Daugavpils"]
[Date "1978.??.??"]
[Round "?"]
[White "Butnorius, Algimantas"]
[Black "Magerramov, Elmar"]
[Result "1/2-1/2"]
[WhiteElo "2350"]
[BlackElo "2435"]

1. e4 c5 2. Nf3 e6 3. d4 cxd4 4. Nxd4 Nf6 5. Nc3 d6 6. Be2 Nc6 7. Be3 Be7 8.  O-O O-O 9. f4 a6 10. Qe1 Nxd4 11. Bxd4 b5 12. a3 Bb7 13. Bf3 Nd7 14. Rd1 Qc7  15. Kh1 Rad8 16. Qf2 Bc6 17. Rde1 Rfe8 18. e5 Bxf3 19. Qxf3 dxe5 20. fxe5 Rf8  21. Qg3 Bc5 22. Bxc5 Nxc5 23. Rf4 Rd2 24. Rg4 g6 25. b4 Nd7 26. Ne4 Rxc2 27.  Nd6 Qc3 28. Rge4 Qxg3 29. hxg3 Rc3 30. Rd4 Nb6 31. Ne4 Rc4 32. Nf6+ Kg7 33. Rd6  Rb8 34. Rf1 Rc3 35. Ne4 Rxa3 36. Ng5 Rb7 37. Rxf7+ Rxf7 38. Nxf7 Kxf7 39. Rxb6  g5 40. g4 Ra4 41. Rb7+ Ke8 42. Ra7 Kd8 43. Kh2 Kc8 44. Kg3 h6 45. Kf3 Kb8 46.  Re7 Rxb4 47. Rxe6 a5 48. Rc6 Kb7 49. Rc5 Kb6 50. e6 Rf4+ 51. Ke3 Rf8 52. Re5 a4  53. e7 Re8 54. Kd4 b4 55. Kc4 b3 56. Re2 Kc6 57. Kb4 Kd6 58. Kxa4 Rxe7 59. Rd2+  Ke5 60. Re2+ Kf6 61. Rf2+ Kg6 62. Kxb3 Re4 63. Kc3 Rxg4 64. Kd3 Ra4 65. Rb2 Rf4  66. Ke2 h5 67. g3 Rf6 68. Rb5 g4 69. Ra5 Rf5 70. Ra6+ Kg5 71. Ra8 Rd5 72. Rh8  Kf6 73. Rh6+ 1/2-1/2

[Event "URS-ch sf"]
[Site "Daugavpils"]
[Date "1978.??.??"]
[Round "?"]
[White "Butnorius, Algimantas"]
[Black "Nikolaevsky, Yuri V"]
[Result "0-1"]
[WhiteElo "2350"]
[BlackElo "2200"]

1. d4 d6 2. c4 g6 3. e4 Bg7 4. Nc3 Nc6 5. Be3 e5 6. d5 Nce7 7. c5 a6 8. f3 Nf6  9. cxd6 cxd6 10. Bd3 O-O 11. Nge2 Nd7 12. g4 f5 13. g5 b5 14. h4 fxe4 15. fxe4  Rf3 16. Qd2 Nc5 17. Bc2 Qc7 18. Ng1 Rf7 19. Nce2 Bg4 20. Rh2 Nc8 21. Rf2 Rxf2  22. Bxf2 Nb6 23. b3 a5 24. Ng3 a4 25. Qc3 axb3 26. axb3 Nd3+ 27. Qxd3 Rxa1+ 28.  Kd2 Qa7 29. Qc3 Nc4+ 30. bxc4 Qxf2+ 31. N1e2 Qe1+ 32. Kd3 bxc4+ 33. Qxc4 Ra3+  34. Bb3 Bxe2+ 35. Nxe2 Qd1+ 36. Kc3 Rxb3+ 37. Qxb3 Qxe2 38. Qb8+ Bf8 39. Qc8  Qf3+ 40. Kb2 h6 0-1

[Event "URS-ch sf"]
[Site "Daugavpils"]
[Date "1978.??.??"]
[Round "?"]
[White "Butnorius, Algimantas"]
[Black "Vaisser, Anatoly"]
[Result "0-1"]
[WhiteElo "2350"]
[BlackElo "2385"]

1. d4 Nf6 2. c4 e6 3. Nc3 Bb4 4. e3 c5 5. Nf3 Nc6 6. Bd3 Bxc3+ 7. bxc3 d6 8. e4  e5 9. d5 Ne7 10. O-O h6 11. Ne1 g5 12. Rb1 Qc7 13. Qf3 Nfg8 14. g3 Bh3 15. Ng2  Rh7 16. Re1 O-O-O 17. Ne3 Bd7 18. Rb2 Kb8 19. Qd1 Rg7 20. Kh1 Nf6 21. f3 h5 22.  Rg1 Rdg8 23. Rf2 Qd8 24. Rff1 Qf8 25. Bd2 Bh3 26. Re1 Bc8 27. Qe2 h4 28. gxh4  gxh4 29. Rxg7 Qxg7 30. Qf2 Nh5 31. Ng4 Bxg4 32. fxg4 Qxg4 33. Be3 Ng3+ 34. hxg3  hxg3 35. Qd2 g2+ 36. Kg1 Qh4 37. Qc1 Rh8 38. Kxg2 Qg4+ 0-1

[Event "URS-ch sf"]
[Site "Daugavpils"]
[Date "1978.??.??"]
[Round "?"]
[White "Butnorius, Algimantas"]
[Black "Vladimirov, Evgeny"]
[Result "1-0"]
[WhiteElo "2350"]
[BlackElo "2445"]

1. e4 e6 2. d4 d5 3. Nd2 c5 4. Ngf3 Nf6 5. exd5 Nxd5 6. Nb3 Nd7 7. Bc4 N7b6 8.  Bb5+ Bd7 9. Bxd7+ Nxd7 10. Qe2 Be7 11. dxc5 Nxc5 12. Nxc5 Qa5+ 13. Bd2 Qxc5 14.  c4 Nf6 15. O-O O-O 16. Bc3 Rfd8 17. Rad1 h6 18. Ne5 Rac8 19. h3 Rd6 20. a3 Qc7  21. b4 Rcd8 22. Rxd6 Qxd6 23. Rc1 Qa6 24. Bb2 Qa4 25. Qf3 Qa6 26. Rd1 Rxd1+ 27.  Qxd1 Qb6 28. Qd4 Qa6 29. g3 Qa4 30. Qd3 Kf8 31. Kg2 Ke8 32. Qf3 Qa6 33. Bd4 Qd6  34. Qxb7 Qxd4 35. Qxe7+ Kxe7 36. Nc6+ Kd7 37. Nxd4 Ne4 38. Nb3 Nc3 39. Kf3 Kd6  40. Ke3 Nd1+ 41. Ke2 Nb2 42. Na5 Ke5 43. Nc6+ Kd6 44. Nxa7 Nxc4 45. Nb5+ Kc6  46. a4 Kd5 47. a5 Nb2 1-0

[Event "URS-ch sf"]
[Site "Daugavpils"]
[Date "1978.??.??"]
[Round "?"]
[White "Chekhov, Valery A"]
[Black "Alburt, Lev O"]
[Result "1/2-1/2"]
[WhiteElo "2470"]
[BlackElo "2510"]

1. Nf3 Nf6 2. c4 c5 3. Nc3 Nc6 4. d4 cxd4 5. Nxd4 e6 6. g3 Qb6 7. Nb3 Bb4 8.  Bg2 Qa6 9. c5 Qc4 10. O-O Bxc5 11. Nxc5 Qxc5 12. Be3 Qe7 13. Nb5 O-O 14. Rc1 b6  15. Nc7 Rb8 16. Bf4 e5 17. Bg5 Bb7 18. f4 Kh8 19. Nd5 Nxd5 20. Bxe7 Ncxe7 21.  Qd2 exf4 22. gxf4 f5 23. Rc4 Rf6 24. Rd4 Rg6 25. Kf2 Nf6 26. Bxb7 Rxb7 27. Qb4  Ng4+ 28. Ke1 Re6 29. Rf3 Kg8 30. Qb3 d5 31. Rc3 g6 32. Qb5 Kf7 33. Qa6 Rd7 34.  Qb5 Rb7 35. a4 Nf6 36. a5 Rd7 37. a6 Red6 38. Rd1 Ne4 39. Rc2 Nc5 40. b4 Ne6  41. e3 d4 42. Rcd2 Nd5 43. Rxd4 Nxd4 44. Rxd4 Nf6 45. Qc4+ Ke7 46. Rxd6 Rxd6  47. Ke2 Rd7 48. Kf3 Rd2 49. Qc7+ Ke6 50. Qc6+ Kf7 51. Qc7+ Ke6 52. Kg3 Rd7 53.  Qc4+ Ke7 54. Kf2 Ng4+ 55. Ke2 Nf6 56. h3 Rd5 57. Qc7+ Rd7 58. Qc4 Rd5 59. h4  Rd7 60. Qc3 1/2-1/2

[Event "URS-ch sf"]
[Site "Daugavpils"]
[Date "1978.??.??"]
[Round "?"]
[White "Chekhov, Valery A"]
[Black "Bronstein, David"]
[Result "1/2-1/2"]
[WhiteElo "2470"]
[BlackElo "2570"]

1. e4 c6 2. c4 d5 3. exd5 cxd5 4. cxd5 Nf6 5. Bb5+ Nbd7 6. Nc3 a6 7. Qa4 g6 8.  d4 Bg7 9. Nf3 O-O 10. Bxd7 Qxd7 11. Qb3 b5 12. Ne5 Qd6 13. Bf4 Nh5 14. Be3 Bb7  15. O-O Nf6 16. a4 Bxd5 17. Nxd5 Qxd5 18. Qd3 1/2-1/2

[Event "URS-ch sf"]
[Site "Daugavpils"]
[Date "1978.??.??"]
[Round "?"]
[White "Chekhov, Valery A"]
[Black "Butnorius, Algimantas"]
[Result "0-1"]
[WhiteElo "2470"]
[BlackElo "2350"]

1. e4 e5 2. Nf3 Nc6 3. d4 exd4 4. c3 d5 5. exd5 Qxd5 6. cxd4 Bb4+ 7. Nc3 Nf6 8.  Bd3 O-O 9. O-O Bxc3 10. bxc3 Bg4 11. Be2 Rfe8 12. Be3 Rad8 13. Re1 Ne4 14. Qc2  Qa5 15. Rac1 h6 16. Qb2 Nd6 17. h3 Bh5 18. g4 Bg6 19. c4 Qb4 20. Qa1 Qa3 21.  Rc3 Qa5 22. Qb2 Ne4 23. Ra3 Qb4 24. Rb3 Qe7 25. Rxb7 f5 26. d5 fxg4 27. hxg4  Qd7 28. Nh4 Ne5 29. Qd4 Bh7 30. c5 Nxg4 0-1

[Event "URS-ch sf"]
[Site "Daugavpils"]
[Date "1978.??.??"]
[Round "?"]
[White "Chekhov, Valery A"]
[Black "Fokin, Sergey"]
[Result "1-0"]
[WhiteElo "2470"]
[BlackElo "2200"]

1. c4 Nf6 2. Nc3 e6 3. e4 d5 4. e5 Ne4 5. Qc2 Nc6 6. Nxe4 dxe4 7. Qxe4 Qd4 8.  Qxd4 Nxd4 9. Bd3 Bd7 10. Ne2 Nxe2 11. Bxe2 Bc6 12. Bf3 Bxf3 13. gxf3 Bc5 14.  Ke2 Bd4 15. f4 O-O-O 16. d3 Rd7 17. Rb1 Rf8 18. Be3 f6 19. exf6 Rxf6 20. Rhg1  Rh6 21. Bxd4 Rxd4 22. Rxg7 Rxf4 23. Ke3 Rhf6 24. Rxh7 Rf3+ 25. Kd4 Rg6 26. Rf1  Rg4+ 27. Kc3 Rg2 28. h4 Rfxf2 29. Rxf2 Rxf2 30. h5 Rh2 31. h6 a5 32. c5 Rh5 33.  Kc4 c6 34. Kd4 Kb8 35. Rh8+ Ka7 36. h7 Rh1 37. Ke5 Rh6 38. b3 Rh1 39. Kxe6 Rh2  40. a3 Rh6+ 41. Ke7 Rh1 42. d4 Re1+ 43. Kd6 Rh1 44. b4 axb4 45. axb4 Rh6+ 46.  Ke7 1-0

[Event "URS-ch sf"]
[Site "Daugavpils"]
[Date "1978.??.??"]
[Round "?"]
[White "Chekhov, Valery A"]
[Black "Kosikov, Alexey I"]
[Result "0-1"]
[WhiteElo "2470"]
[BlackElo "2395"]

1. c4 Nf6 2. Nc3 e5 3. Nf3 Nc6 4. d4 exd4 5. Nxd4 Bb4 6. g3 Ne4 7. Qd3 Nc5 8.  Qe3+ Ne6 9. Nc2 d5 10. Bg2 d4 11. Qd2 Bc5 12. Nd5 Ne5 13. b3 Ng6 14. Bb2 O-O  15. b4 Bd6 16. c5 Be5 17. f4 d3 18. Bxe5 Nxe5 19. exd3 Ng4 20. O-O c6 21. Nde3  Nd4 22. Nxg4 Bxg4 23. Ne3 Qd7 24. Nxg4 Qxg4 25. Rae1 Qd7 26. Re4 a5 27. bxa5  Qd8 28. f5 Qf6 29. Qb4 Nb5 30. Rc4 Rfd8 31. a4 Nd4 32. Be4 h6 33. Kg2 Rd7 34.  Qc3 Qd8 35. f6 Qxa5 36. Qb2 Rad8 37. fxg7 f5 38. Bxf5 Nxf5 39. Rxf5 Rxg7 40.  Qf6 Qd2+ 41. Rf2 Qxd3 42. Qe6+ Kh7 43. Rf6 Qd5+ 44. Re4 Qg5 45. Re5 Rd2+ 46.  Rf2 Rxf2+ 47. Kxf2 Qd2+ 48. Kf3 Qd3+ 49. Kg2 Rg6 50. Qc8 Rg7 51. a5 Rf7 52. Kh3  Qf1+ 53. Kg4 Rg7+ 54. Kh5 Qf7+ 0-1

[Event "URS-ch sf"]
[Site "Daugavpils"]
[Date "1978.??.??"]
[Round "?"]
[White "Chekhov, Valery A"]
[Black "Zaichik, Gennadi"]
[Result "1-0"]
[WhiteElo "2470"]
[BlackElo "2470"]

1. c4 g6 2. d4 Bg7 3. Nc3 d6 4. e4 e5 5. Nf3 exd4 6. Nxd4 Nc6 7. Be3 Nxd4 8.  Bxd4 Nf6 9. Be2 O-O 10. O-O Be6 11. Qd2 Nd7 12. Bxg7 Kxg7 13. Rac1 a5 14. f4 f6  15. Qd4 Qe7 16. Rfe1 Nc5 17. Bf3 b6 18. Re3 Rae8 19. Rce1 Qd8 20. b3 Bc8 21. g3  Bb7 22. Nd5 Rf7 23. e5 dxe5 24. fxe5 fxe5 25. Rxe5 Rxe5 26. Rxe5 Kh6 27. Qe3+  Kg7 28. Re8 Qd6 29. Qd4+ Kh6 30. Qh4+ Kg7 31. Qd4+ Kh6 32. Rg8 g5 33. Qg4 1-0

[Event "URS-ch sf"]
[Site "Daugavpils"]
[Date "1978.??.??"]
[Round "?"]
[White "Dolmatov, Sergey"]
[Black "Kapengut, Albert Z"]
[Result "1/2-1/2"]
[WhiteElo "2495"]
[BlackElo "2465"]

1. e4 c5 2. Nf3 Nc6 3. Bb5 e6 4. O-O Nge7 5. b3 d6 6. d4 cxd4 7. Nxd4 Bd7 8.  Bb2 Ng6 9. f4 e5 10. fxe5 dxe5 11. Bxc6 Bxc6 12. Nxc6 Qxd1 13. Rxd1 bxc6  1/2-1/2